| 000 | 00794nam a2200241 i 4500 | ||
|---|---|---|---|
| 001 | 19129 | ||
| 003 | ES-MaACL | ||
| 005 | 20250911062824.0 | ||
| 007 | t| | ||
| 008 | 020522s2001 sp ||||1| spa d | ||
| 020 | _a84-7522-991-3 | ||
| 080 | _a821.134.2-14"19" | ||
| 100 | 0 |
_aPaz Pasamar, Pilar, _d1933-2019 _989779 |
|
| 245 | 1 | 0 |
_aOpera lecta _b: antología poética / _cPilar Paz Pasamar ; prólogo de Cecilia Belmar Hip ; selección de Manuel Francisco. |
| 260 |
_aMadrid : _bVisor, _c2001. |
||
| 300 |
_a180 p. ; _c20 cm. |
||
| 490 | 1 |
_aColección Visor de poesía ; _v458 |
|
| 700 | 1 |
_aFrancisco, Manuel. _952188 |
|
| 700 | 1 |
_aBelmar Hip, Cecilia. _927295 |
|
| 830 | 0 |
_aColección Visor de poesía _v458 _9177331 |
|
| 852 |
_aES-MaACL _jL-25528 _bR.130681 |
||
| 999 |
_c19129 _d19129 |
||